[Event "Pardubice Czech op-B 25th"]
[Site "Pardubice"]
[Date "2014.07.25"]
[Round "8"]
[White "Danilenko, Dmitriy"]
[Black "Maslak, Alexander"]
[Result "1/2-1/2"]
[WhiteElo "2393"]
[BlackElo "2170"]
[PlyCount "63"]
[EventDate "2014.07.18"]
[EventType "swiss"]
[EventRounds "9"]
[EventCountry "CZE"]
[SourceTitle "EXT 2015"]
[Source "ChessBase"]
[SourceDate "2014.11.20"]
[SourceVersion "1"]
[SourceVersionDate "2014.11.20"]
[SourceQuality "1"]

1. e4 c5 2. Nc3 g6 3. d4 Bg7 4. dxc5 Qa5 5. Bd2 Qxc5 6. Nd5 b6 7. Nf3 Bb7 8. Be3 Qc8 9. Bd4 f6 10. c4 Nc6 11. Bc3 Nh6 12. Bd3 Nf7 13. 0-0 0-0 14. Rc1 Nfe5 15. Bb1 e6 16. Ne3 Qc7 17. Nd2 f5 18. f4 Nf7 19. Bxg7 Kxg7 20. Qc2 Qd8 21. Qc3+ Qf6 22. e5 Qe7 23. c5 Qxc5 24. Qxc5 bxc5 25. Rxc5 Rfc8 26. Ndc4 Ne7 27. Rxc8 Rxc8 28. Rd1 Nd5 29. Kf2 Kf8 30. Nxd5 Bxd5 31. Ne3 Bc6 32. Bd3 1/2-1/2